| 000 | 00915cab a2200301 4500 | ||
|---|---|---|---|
| 001 | ABS50216 | ||
| 008 | 090401t1994 xxu||||| |||| 00| 0 eng d | ||
| 035 | _a(Sirsi) u74653 | ||
| 041 | _aeng | ||
| 245 | _aAlternative land use | ||
| 260 | _c1994 | ||
| 350 | _a0 | ||
| 490 |
_aFarm Development Review _v8(4) February 1994 (LOAN) |
||
| 520 | _aIncludes items on bed and breakfast charges, National Farm Attractions Network, woodland planting, wine industry and energy from renewable sources. | ||
| 650 | _aALTERNATIVE ENERGY SOURCES | ||
| 650 | _aCOPPICE FUEL | ||
| 650 | _aFARM ACCOMMODATION | ||
| 650 | _aFARM DIVERSIFICATION | ||
| 650 | _aFARM TOURISM | ||
| 650 | _aGOVERNMENT POLICY | ||
| 650 | _aNATIONAL FARM ATTRACTIONS NETWORK | ||
| 650 | _aNON FOSSIL FUEL OBLIGATION | ||
| 650 | _aWIND POWER | ||
| 650 | _aWOODLAND | ||
| 690 | _aRURAL PRACTICE | ||
| 942 | _n0 | ||
| 948 | _c04/03/1997 | ||
| 999 |
_c47044 _d47044 |
||